[Event "Budapest-chT1 Lilienthal 1213"]
[Site "Budapest"]
[Date "2013.04.14"]
[Round "10"]
[White "Lakat, Gyula"]
[Black "Szili, Andras"]
[Result "1/2-1/2"]
[WhiteElo "1885"]
[BlackElo "1935"]
[PlyCount "46"]
[EventDate "2012.09.30"]
[EventType "team-tourn"]
[EventRounds "11"]
[EventCountry "HUN"]
[SourceTitle "EXT 2019"]
[Source "ChessBase"]
[SourceDate "2018.10.10"]
[SourceVersion "1"]
[SourceVersionDate "2018.10.10"]
[SourceQuality "1"]
[WhiteTeam "Penzugyor III"]
[BlackTeam "Sarkany II"]
[WhiteTeamCountry "HUN"]
[BlackTeamCountry "HUN"]

1. e4 c5 2. Nf3 d6 3. d4 cxd4 4. Nxd4 Nf6 5. Nc3 g6 6. Bb5+ Bd7 7. Bxd7+ Qxd7 8. 0-0 Bg7 9. Re1 0-0 10. f3 Nc6 11. Be3 Rfd8 12. Qd2 d5 13. Nxc6 Qxc6 14. e5 Ne8 15. Bd4 Nc7 16. Rad1 Ne6 17. f4 Nxd4 18. Qxd4 e6 19. Kh1 a6 20. a3 Rac8 21. Rd2 Bf8 22. Ne2 Qb5 23. c3 Bc5 1/2-1/2

[Event "HUN-chT2 Breyer 1011"]
[Site "Hungary"]
[Date "2011.05.01"]
[Round "10.7"]
[White "Szili, Andras"]
[Black "Voros, Sandor"]
[Result "1/2-1/2"]
[WhiteElo "1986"]
[BlackElo "2046"]
[PlyCount "102"]
[EventDate "2010.09.12"]
[EventType "team-tourn"]
[EventRounds "11"]
[EventCountry "HUN"]
[SourceTitle "EXT 2012"]
[Source "ChessBase"]
[SourceDate "2011.11.24"]
[SourceVersion "1"]
[SourceVersionDate "2011.11.24"]
[SourceQuality "1"]
[WhiteTeam "Sarkany"]
[BlackTeam "Turul"]
[WhiteTeamCountry "HUN"]
[BlackTeamCountry "HUN"]

1. e4 c5 2. Nf3 e6 3. d4 cxd4 4. Nxd4 Nf6 5. Nc3 d6 6. Bg5 a6 7. f4 h6 8. Bh4 Be7 9. Qf3 Nfd7 10. Bxe7 Qxe7 11. 0-0-0 Nc6 12. Bc4 Nb6 13. Bb3 Na5 14. Qe3 Qc7 15. f5 Nbc4 16. Qg3 0-0 17. f6 g6 18. h4 Kh7 19. Nf3 Nxb3+ 20. axb3 Ne5 21. Ng5+ Kh8 22. h5 Rg8 23. hxg6 Rxg6 24. Qf4 Kg8 25. Nf3 Ng4 26. Rxd6 Nxf6 27. e5 Ne8 28. Rd3 Kg7 29. Nh4 Rg5 30. Ne4 Qxe5 31. Qf3 Nc7 32. Rf1 f5 33. Nxg5 hxg5 34. Qh5 gxh4 35. Qg5+ Kf7 36. Rd8 Qg7 37. Qh5+ Kf6 38. Qxh4+ Qg5+ 39. Qxg5+ Kxg5 40. Rh1 b5 41. Rh7 Nd5 42. Rhh8 Nb6 43. Rd6 Bb7 44. Rxa8 Nxa8 45. Rxe6 Bxg2 46. Rxa6 Nc7 47. Ra7 Ne6 48. c4 bxc4 49. bxc4 Kf4 50. b4 Ke5 51. Ra5+ Kd4 1/2-1/2

[Event "HUN-chT2 Breyer 1011"]
[Site "Hungary"]
[Date "2010.10.10"]
[Round "3.8"]
[White "Szili, Andras"]
[Black "Szendeff, Miklos"]
[Result "1-0"]
[WhiteElo "1986"]
[BlackElo "1983"]
[PlyCount "91"]
[EventDate "2010.09.12"]
[EventType "team-tourn"]
[EventRounds "11"]
[EventCountry "HUN"]
[SourceTitle "EXT 2012"]
[Source "ChessBase"]
[SourceDate "2011.11.24"]
[SourceVersion "1"]
[SourceVersionDate "2011.11.24"]
[SourceQuality "1"]
[WhiteTeam "Sarkany"]
[BlackTeam "Zsambek"]
[WhiteTeamCountry "HUN"]
[BlackTeamCountry "HUN"]

1. e4 c6 2. d4 d5 3. exd5 Qxd5 4. c4 Qd8 5. Nf3 Bf5 6. Nc3 e6 7. Bd3 Bxd3 8. Qxd3 Nf6 9. 0-0 Bd6 10. Bg5 h6 11. Bxf6 Qxf6 12. Ne4 Qe7 13. d5 0-0 14. dxe6 Bc7 15. exf7+ Rxf7 16. Rfe1 Na6 17. Neg5 Qxg5 18. Nxg5 hxg5 19. Qg6 Raf8 20. Re3 Bb6 21. Rf3 Bxf2+ 22. Kh1 Rxf3 23. gxf3 Bd4 24. Re1 Bxb2 25. Re8 Bf6 26. Rxf8+ Kxf8 27. Qf5 Ke7 28. Kg2 Kd6 29. Qc8 Nc5 30. Qf8+ Be7 31. Qxg7 Ne6 32. Qb2 Kc7 33. Qe5+ Kd7 34. Qb8 Nc5 35. Qxa7 Ke6 36. Qb8 Bd6 37. Qg8+ Kf6 38. Qh8+ Kg6 39. Qg8+ Kf6 40. f4 gxf4 41. h4 Ne6 42. h5 Nf8 43. h6 Ng6 44. h7 Be5 45. h8Q+ Nxh8 46. Qxh8+ 1-0

[Event "HUN-chT2 Breyer 1011"]
[Site "Hungary"]
[Date "2010.09.26"]
[Round "2.8"]
[White "Nagy, Ferenc2"]
[Black "Szili, Andras"]
[Result "1/2-1/2"]
[WhiteElo "2011"]
[BlackElo "1986"]
[PlyCount "79"]
[EventDate "2010.09.12"]
[EventType "team-tourn"]
[EventRounds "11"]
[EventCountry "HUN"]
[SourceTitle "EXT 2012"]
[Source "ChessBase"]
[SourceDate "2011.11.24"]
[SourceVersion "1"]
[SourceVersionDate "2011.11.24"]
[SourceQuality "1"]
[WhiteTeam "Geniusz Tata"]
[BlackTeam "Sarkany"]
[WhiteTeamCountry "HUN"]
[BlackTeamCountry "HUN"]

1. d4 d5 2. c4 e5 3. dxe5 d4 4. Nf3 Nc6 5. g3 Bg4 6. Bg2 Qd7 7. 0-0 0-0-0 8. Qa4 Kb8 9. Nbd2 Nge7 10. a3 Ng6 11. b4 Ncxe5 12. Qxd7 Rxd7 13. Bb2 Nxf3+ 14. Nxf3 Bxf3 15. exf3 c5 16. Rfe1 Bd6 17. bxc5 Bxc5 18. f4 f6 19. Rad1 Ne7 20. Bh3 Rdd8 21. Rd3 Nc6 22. Red1 Rd6 23. Bg2 Rhd8 24. Bd5 Kc7 25. Kf1 a6 26. h4 h6 27. g4 g5 28. hxg5 hxg5 29. fxg5 fxg5 30. Bc1 Ne5 31. Rg3 Rf8 32. Bxg5 Rg6 33. Bc1 Rxg4 34. Kg2 Rxg3+ 35. fxg3 Ng4 36. Rf1 Rxf1 37. Kxf1 Ne3+ 38. Bxe3 dxe3 39. a4 b6 40. Ke2 1/2-1/2

[Event "Vaujany op 1st"]
[Site "Vaujany"]
[Date "2010.07.12"]
[Round "3"]
[White "Roche, Yves"]
[Black "Szili, Andras"]
[Result "0-1"]
[WhiteElo "2030"]
[BlackElo "1985"]
[PlyCount "46"]
[EventDate "2010.07.10"]
[EventType "swiss"]
[EventRounds "9"]
[EventCountry "FRA"]
[SourceTitle "CBM 137 Extra"]
[Source "ChessBase"]
[SourceDate "2010.09.01"]
[SourceVersion "1"]
[SourceVersionDate "2010.09.01"]
[SourceQuality "1"]

1. Nf3 Nf6 2. d4 d5 3. c4 e6 4. Nc3 Be7 5. g3 0-0 6. Bg2 c6 7. 0-0 Nbd7 8. b3 b6 9. Qc2 Ba6 10. e4 Rc8 11. Rd1 dxc4 12. Ne5 Nxe5 13. dxe5 Nd7 14. Bb2 Qc7 15. f4 Nc5 16. bxc4 Bxc4 17. Ne2 Bb5 18. a4 Bxe2 19. Qxe2 Rfd8 20. Qc4 Rxd1+ 21. Rxd1 Rd8 22. Qc2 Rxd1+ 23. Qxd1 Qd8 0-1

[Event "Vaujany op 1st"]
[Site "Vaujany"]
[Date "2010.07.11"]
[Round "2"]
[White "Szili, Andras"]
[Black "Charvin, Olivier"]
[Result "1/2-1/2"]
[WhiteElo "1985"]
[BlackElo "2052"]
[PlyCount "73"]
[EventDate "2010.07.10"]
[EventType "swiss"]
[EventRounds "9"]
[EventCountry "FRA"]
[SourceTitle "CBM 137 Extra"]
[Source "ChessBase"]
[SourceDate "2010.09.01"]
[SourceVersion "1"]
[SourceVersionDate "2010.09.01"]
[SourceQuality "1"]

1. e4 e5 2. Nf3 Nf6 3. Nc3 Bb4 4. Bc4 Nc6 5. 0-0 d6 6. d3 Na5 7. Bb3 Nxb3 8. axb3 a6 9. Bg5 h6 10. Bxf6 gxf6 11. Nh4 Bc5 12. Qf3 c6 13. Rad1 Rg8 14. Nf5 Bxf5 15. exf5 Qe7 16. d4 Bxd4 17. Rfe1 Ba7 18. Ne4 d5 19. Ng3 0-0-0 20. c4 dxc4 21. bxc4 Rxd1 22. Rxd1 Rd8 23. Ne4 Rd4 24. Rxd4 exd4 25. g4 Qe5 26. h3 b5 27. Ng3 Kc7 28. Qd3 Qf4 29. b3 Qc1+ 30. Kg2 bxc4 31. bxc4 Qc3 32. Qe2 Qa3 33. Qe7+ Kc8 34. Qxa7 d3 35. Qa8+ Kc7 36. Qa7+ Kc8 37. Qa8+ 1/2-1/2

[Event "HUN-chT2 Charousek 0910"]
[Site "Hungary"]
[Date "2010.02.28"]
[Round "7"]
[White "Gal, Cintia"]
[Black "Szili, Andras"]
[Result "0-1"]
[WhiteElo "1675"]
[BlackElo "1997"]
[PlyCount "64"]
[EventDate "2009.11.08"]
[EventType "team-tourn"]
[EventRounds "11"]
[EventCountry "HUN"]
[SourceTitle "EXT 2011"]
[Source "ChessBase"]
[SourceDate "2010.11.26"]
[SourceVersion "1"]
[SourceVersionDate "2010.11.26"]
[SourceQuality "1"]
[WhiteTeam "Sarvar"]
[BlackTeam "Tatai Honved"]
[WhiteTeamCountry "HUN"]
[BlackTeamCountry "HUN"]

1. e4 c5 2. Nf3 e6 3. d4 cxd4 4. Nxd4 Nc6 5. Nc3 a6 6. Bc4 Qc7 7. Bb3 Nf6 8. 0-0 Bb4 9. Nde2 0-0 10. Bd2 b5 11. a3 Be7 12. Ng3 Bb7 13. Re1 Na5 14. Rc1 Nc4 15. Bxc4 Qxc4 16. Bg5 d6 17. Qd2 Rfe8 18. b3 Qc5 19. b4 Qc4 20. f3 Rac8 21. Nge2 d5 22. e5 Nd7 23. Bxe7 Rxe7 24. Qg5 f6 25. exf6 Nxf6 26. Nb1 e5 27. Nf4 Rce8 28. Ne2 e4 29. fxe4 Nxe4 30. Qg4 Qc6 31. Nd4 Qf6 32. Nf3 Qb6+ 0-1

[Event "HUN-chT2 Charousek 0910"]
[Site "Hungary"]
[Date "2009.12.06"]
[Round "3"]
[White "Szili, Andras"]
[Black "Havanecz, Bianka"]
[Result "1-0"]
[WhiteElo "1997"]
[BlackElo "1755"]
[PlyCount "49"]
[EventDate "2009.11.08"]
[EventType "team-tourn"]
[EventRounds "11"]
[EventCountry "HUN"]
[SourceTitle "EXT 2011"]
[Source "ChessBase"]
[SourceDate "2010.11.26"]
[SourceVersion "1"]
[SourceVersionDate "2010.11.26"]
[SourceQuality "1"]
[WhiteTeam "Tatai Honved"]
[BlackTeam "Aquaprofit II"]
[WhiteTeamCountry "HUN"]
[BlackTeamCountry "HUN"]

1. e4 c5 2. c3 Nf6 3. e5 Nd5 4. d4 cxd4 5. cxd4 e6 6. Nc3 Nxc3 7. bxc3 d6 8. Nf3 Be7 9. Bd3 Bd7 10. 0-0 Bc6 11. Bf4 h6 12. exd6 Bxd6 13. Ne5 Bxe5 14. Bxe5 0-0 15. f4 Nd7 16. Qg4 Nxe5 17. fxe5 Rc8 18. h4 Bd5 19. Rac1 Bc4 20. Bxc4 Rxc4 21. Rf3 Qe7 22. Rcf1 b5 23. Rg3 g6 24. Rf6 Rcc8 25. h5 1-0

[Event "HUN-chT U18"]
[Site "Miskolc"]
[Date "2009.10.29"]
[Round "7.10"]
[White "Farkas, Gabor"]
[Black "Szili, Andras"]
[Result "1/2-1/2"]
[WhiteElo "1988"]
[BlackElo "1997"]
[PlyCount "80"]
[EventDate "2009.10.26"]
[EventType "team-swiss"]
[EventRounds "8"]
[EventCountry "HUN"]
[SourceTitle "EXT 2016"]
[Source "ChessBase"]
[SourceDate "2015.10.08"]
[SourceVersion "1"]
[SourceVersionDate "2015.10.08"]
[SourceQuality "1"]

1. d4 Nf6 2. c4 c5 3. d5 e6 4. Nc3 exd5 5. cxd5 d6 6. e4 g6 7. h3 Bg7 8. Nf3 0-0 9. Bg5 Qa5 10. Qd2 a6 11. Bd3 b5 12. 0-0 Nbd7 13. a4 b4 14. Ne2 c4 15. Bc2 Nc5 16. Ng3 Nfd7 17. Nd4 Bb7 18. Be7 Rfe8 19. Bxd6 Qb6 20. Bxc5 Qxc5 21. Rad1 c3 22. bxc3 bxc3 23. Qe3 Bxd5 24. Ndf5 Qxe3 25. Nxe3 Be6 26. f4 Nc5 27. Nd5 Red8 28. Rf3 Bxd5 29. exd5 Rab8 30. Ne4 Nxe4 31. Bxe4 Rb4 32. Bc2 Rd4 33. Rxd4 Bxd4+ 34. Kf1 Rxd5 35. Rd3 Rd8 36. Rd1 Bf6 37. Rxd8+ Bxd8 38. f5 Kg7 39. fxg6 hxg6 40. Ke2 Be7 1/2-1/2

[Event "HUN-chT U18"]
[Site "Miskolc"]
[Date "2009.10.28"]
[Round "4.14"]
[White "Szili, Andras"]
[Black "Straubinger, Daniel"]
[Result "0-1"]
[WhiteElo "1997"]
[BlackElo "2199"]
[PlyCount "84"]
[EventDate "2009.10.26"]
[EventType "team-swiss"]
[EventRounds "8"]
[EventCountry "HUN"]
[SourceTitle "EXT 2016"]
[Source "ChessBase"]
[SourceDate "2015.10.08"]
[SourceVersion "1"]
[SourceVersionDate "2015.10.08"]
[SourceQuality "1"]

1. e4 c6 2. d4 d5 3. exd5 cxd5 4. Bd3 Nf6 5. c3 Nc6 6. Bf4 Bg4 7. Qb3 Qd7 8. Nd2 e6 9. Ngf3 a6 10. 0-0 Nh5 11. Ne5 Qc7 12. Be3 Nf6 13. Bf4 Bd6 14. Rae1 0-0 15. Nxg4 Bxf4 16. Nxf6+ gxf6 17. Nf3 Kh8 18. Qc2 f5 19. Bxf5 exf5 20. Qxf5 Qd6 21. g3 Bh6 22. Ne5 Nxe5 23. Rxe5 Rad8 24. Rfe1 b6 25. Re7 Qg6 26. Qxg6 hxg6 27. Rb7 Rd6 28. Ree7 Kg8 29. Red7 Rxd7 30. Rxd7 Bc1 31. b3 Bb2 32. Rxd5 Bxc3 33. Rd6 Rb8 34. d5 Rb7 35. Rc6 Bd4 36. b4 Rd7 37. d6 Kg7 38. a4 a5 39. bxa5 bxa5 40. Kg2 Kf6 41. Ra6 Bc3 42. Rc6 Bb4 0-1

[Event "HUN-chT U18"]
[Site "Miskolc"]
[Date "2009.10.26"]
[Round "1.25"]
[White "Szili, Andras"]
[Black "Bense, David Balazs"]
[Result "1-0"]
[WhiteElo "1997"]
[BlackElo "1485"]
[PlyCount "43"]
[EventDate "2009.10.26"]
[EventType "team-swiss"]
[EventRounds "8"]
[EventCountry "HUN"]
[SourceTitle "EXT 2016"]
[Source "ChessBase"]
[SourceDate "2015.10.08"]
[SourceVersion "1"]
[SourceVersionDate "2015.10.08"]
[SourceQuality "1"]

1. e4 c5 2. c3 d6 3. d4 cxd4 4. cxd4 Nf6 5. Nc3 g6 6. Nf3 Bg7 7. Bc4 0-0 8. 0-0 Bg4 9. h3 Bxf3 10. Qxf3 Nc6 11. Be3 Rc8 12. Rfd1 Nd7 13. Qe2 a6 14. f4 Na5 15. Bd3 Nc6 16. Bc2 Nb4 17. Bb3 b5 18. e5 Nb6 19. e6 f5 20. d5 Nc4 21. Bxc4 Rxc4 22. a3 1-0

[Event "Val Thorens op"]
[Site "Val Thorens"]
[Date "2009.??.??"]
[Round "9"]
[White "Guillaumat, Jean Pierre"]
[Black "Szili, Andras"]
[Result "1/2-1/2"]
[WhiteElo "1954"]
[BlackElo "1985"]
[PlyCount "101"]
[EventDate "2009.07.18"]
[EventType "swiss"]
[EventRounds "9"]
[EventCountry "FRA"]
[SourceTitle "CBM 131 Extra"]
[Source "ChessBase"]
[SourceDate "2009.09.03"]
[SourceVersion "2"]
[SourceVersionDate "2009.09.16"]
[SourceQuality "1"]

1. d4 Nf6 2. Nf3 c5 3. d5 e6 4. c4 exd5 5. cxd5 d6 6. Nc3 g6 7. e4 Bg7 8. Be2 0-0 9. 0-0 Re8 10. Qc2 a6 11. a4 Bg4 12. h3 Bxf3 13. Bxf3 Nbd7 14. Bf4 Ne5 15. Be2 Qe7 16. Rfe1 Nfd7 17. a5 h5 18. Qc1 Kh7 19. Be3 f6 20. f4 Nf7 21. Bf3 Rh8 22. Qd2 Kg8 23. Ra4 b5 24. Raa1 g5 25. e5 g4 26. hxg4 hxg4 27. exd6 Qxd6 28. Bxg4 Nh6 29. Be6+ Kf8 30. Ne4 Qe7 31. Nxc5 Nxc5 32. Qb4 Nxe6 33. Qxe7+ Kxe7 34. Bc5+ Kf7 35. dxe6+ Kg6 36. Rad1 Rad8 37. Rd7 Rhe8 38. Ra7 Rc8 39. b4 Rc6 40. e7 Kf7 41. Kf2 f5 42. Kf3 Bf6 43. Re2 Ng8 44. g4 fxg4+ 45. Kxg4 Nh6+ 46. Kf3 Nf5 47. Re4 Nh4+ 48. Kg4 Ng6 49. Kf3 Kg7 50. Kg4 Nh8 51. Rb7 1/2-1/2

[Event "Val Thorens op"]
[Site "Val Thorens"]
[Date "2009.??.??"]
[Round "3"]
[White "Szili, Andras"]
[Black "Lauferon, Patrick"]
[Result "1/2-1/2"]
[WhiteElo "1985"]
[BlackElo "2249"]
[PlyCount "119"]
[EventDate "2009.07.18"]
[EventType "swiss"]
[EventRounds "9"]
[EventCountry "FRA"]
[SourceTitle "CBM 131 Extra"]
[Source "ChessBase"]
[SourceDate "2009.09.03"]
[SourceVersion "2"]
[SourceVersionDate "2009.09.16"]
[SourceQuality "1"]

1. e4 e6 2. d4 d5 3. Nc3 Bb4 4. e5 c5 5. a3 Bxc3+ 6. bxc3 Ne7 7. Qg4 Qc7 8. Qxg7 Rg8 9. Qxh7 cxd4 10. Ne2 Nbc6 11. f4 Bd7 12. Qd3 dxc3 13. Nxc3 a6 14. Ne2 Nf5 15. h3 0-0-0 16. g4 Nh4 17. Rb1 Qa5+ 18. Bd2 Qc5 19. Be3 d4 20. Bf2 Qd5 21. Bxh4 Qxh1 22. Bxd8 Rxd8 23. Ng3 Qh2 24. Ne4 Kc7 25. Qd2 Qg1 26. Qf2 Qxf2+ 27. Kxf2 Ne7 28. Nf6 Bc6 29. Bg2 Bxg2 30. Kxg2 Ng6 31. Nh5 d3 32. cxd3 Rxd3 33. Rc1+ Kd7 34. Nf6+ Kd8 35. Rc4 b5 36. Re4 Rxa3 37. Rd4+ Kc8 38. Ne8 Nh4+ 39. Kf2 Rxh3 40. Nd6+ Kc7 41. Nxf7 a5 42. Ng5 Rc3 43. Nxe6+ Kb6 44. Rd6+ Kb7 45. Nd4 b4 46. e6 Ng6 47. f5 Ne5 48. g5 Rc7 49. f6 Ng6 50. Rd5 Kb6 51. Rb5+ Ka6 52. Rf5 a4 53. f7 Nf8 54. Re5 Re7 55. Nc6 b3 56. Nd4 b2 57. Rb5 Nxe6 58. Rxb2 Rxf7+ 59. Ke3 Nxg5 60. Kd3 1/2-1/2

[Event "HUN-chT U18"]
[Site "Miskolc"]
[Date "2008.10.30"]
[Round "7.13"]
[White "Kovacs, Zsolt"]
[Black "Szili, Andras"]
[Result "1/2-1/2"]
[WhiteElo "2075"]
[BlackElo "1854"]
[PlyCount "80"]
[EventDate "2008.10.27"]
[EventType "team-swiss"]
[EventRounds "8"]
[EventCountry "HUN"]
[SourceTitle "EXT 2016"]
[Source "ChessBase"]
[SourceDate "2015.10.08"]
[SourceVersion "1"]
[SourceVersionDate "2015.10.08"]
[SourceQuality "1"]

1. e4 c5 2. Nf3 g6 3. d4 cxd4 4. Nxd4 Bg7 5. Be3 Nc6 6. Nc3 Nf6 7. Nxc6 bxc6 8. e5 Ng8 9. f4 d6 10. Qf3 Qc7 11. exd6 exd6 12. Bd3 Ne7 13. 0-0 0-0 14. Rad1 Rb8 15. Bc1 Qb6+ 16. Kh1 d5 17. Na4 Qc7 18. b3 Bf5 19. Ba3 Rfe8 20. g4 Bxd3 21. Qxd3 Nc8 22. f5 Nd6 23. c4 Ne4 24. cxd5 cxd5 25. Rc1 Qd8 26. Nc5 Qh4 27. Nxe4 dxe4 28. Qg3 Qxg3 29. hxg3 Rbd8 30. Rc7 a5 31. f6 Bf8 32. Bxf8 Kxf8 33. Ra7 e3 34. Re1 e2 35. Kg2 Rd1 36. Kf2 Rd6 37. Rxe2 Rxf6+ 38. Ke1 Rf3 39. Rxe8+ Kxe8 40. Rxa5 Rxg3 1/2-1/2

[Event "HUN-chT2 Breyer 0506"]
[Site "Hungary"]
[Date "2006.04.09"]
[Round "10"]
[White "Szobi, Geza"]
[Black "Szili, Andras"]
[Result "1-0"]
[WhiteElo "2041"]
[BlackElo "1890"]
[PlyCount "97"]
[EventDate "2005.10.16"]
[EventType "team-tourn"]
[EventRounds "11"]
[EventCountry "HUN"]
[SourceTitle "EXT 2009"]
[Source "ChessBase"]
[SourceDate "2008.11.26"]
[SourceVersion "1"]
[SourceVersionDate "2008.11.26"]
[SourceQuality "1"]
[WhiteTeam "Geniusz Tata"]
[BlackTeam "Hobagoly"]
[WhiteTeamCountry "HUN"]
[BlackTeamCountry "HUN"]

1. c4 g6 2. Nc3 c5 3. g3 Bg7 4. Bg2 Nc6 5. d3 e6 6. Nf3 Nge7 7. 0-0 0-0 8. Rb1 d6 9. h4 Nf5 10. Bg5 Qd7 11. Ne4 h6 12. Bd2 b6 13. g4 Nfe7 14. g5 h5 15. Nf6+ Bxf6 16. gxf6 Nf5 17. e4 Nfd4 18. Bh6 Re8 19. Qd2 e5 20. Nxd4 Nxd4 21. Bg7 Qg4 22. f3 Qf4 23. Qxf4 Ne2+ 24. Kf2 Nxf4 25. Bh1 Kh7 26. Kg3 Ne6 27. Bg2 Nxg7 28. fxg7 Kxg7 29. Rf2 f5 30. f4 exf4+ 31. Rxf4 fxe4 32. Bxe4 Rb8 33. Rbf1 Bf5 34. Bxf5 gxf5 35. Rxf5 Rf8 36. Rg5+ Kh6 37. Rgf5 Rxf5 38. Rxf5 Kg6 39. Kf4 Re8 40. Rg5+ Kh6 41. a3 Re6 42. Rg8 Re2 43. Rd8 Re6 44. Kf5 Rg6 45. Rh8+ Kg7 46. Rg8+ Kxg8 47. Kxg6 Kf8 48. Kxh5 Kf7 49. Kg5 1-0

[Event "HUN-chT2 Breyer 0506"]
[Site "Hungary"]
[Date "2006.02.12"]
[Round "7"]
[White "Katona, Ferenc Jr"]
[Black "Szili, Andras"]
[Result "1-0"]
[WhiteElo "1838"]
[BlackElo "1873"]
[PlyCount "59"]
[EventDate "2005.10.16"]
[EventType "team-tourn"]
[EventRounds "11"]
[EventCountry "HUN"]
[SourceTitle "EXT 2009"]
[Source "ChessBase"]
[SourceDate "2008.11.26"]
[SourceVersion "1"]
[SourceVersionDate "2008.11.26"]
[SourceQuality "1"]
[WhiteTeam "Kiraly Sakk"]
[BlackTeam "Hobagoly"]
[WhiteTeamCountry "HUN"]
[BlackTeamCountry "HUN"]

1. d4 g6 2. f4 c5 3. e3 Bg7 4. Nf3 d6 5. c3 cxd4 6. exd4 e6 7. Bd3 Bd7 8. 0-0 Ne7 9. Na3 0-0 10. Qb3 Bc6 11. Nc4 Bd5 12. Qb4 Nc8 13. Ne3 a5 14. Qa4 Nb6 15. Qc2 Nc6 16. Nxd5 Nxd5 17. Be4 Nde7 18. Be3 f5 19. Bd3 Nd5 20. Rfe1 Nf6 21. Ng5 Re8 22. Bf2 e5 23. dxe5 dxe5 24. Bc4+ Nd5 25. Rad1 Nce7 26. Qb3 h6 27. Bxd5+ Nxd5 28. Rxd5 a4 29. Qc4 Qc8 30. Rc5+ 1-0

[Event "HUN-chT U20"]
[Site "Budapest"]
[Date "2004.12.27"]
[Round "1"]
[White "Szili, Andras"]
[Black "Bakos, Andrea"]
[Result "0-1"]
[WhiteElo "1539"]
[BlackElo "1826"]
[PlyCount "31"]
[EventDate "2004.12.27"]
[EventType "team-tourn"]
[EventRounds "7"]
[EventCountry "HUN"]
[SourceTitle "EXT 2008"]
[Source "ChessBase"]
[SourceDate "2007.11.25"]
[SourceVersion "1"]
[SourceVersionDate "2007.11.25"]
[SourceQuality "1"]

1. e4 d5 2. exd5 Nf6 3. Nf3 Nxd5 4. Bc4 Bg4 5. d3 e6 6. 0-0 Be7 7. Bxd5 Qxd5 8. Nc3 Qh5 9. h3 Bxf3 10. Qxf3 Qxf3 11. gxf3 Nc6 12. Bf4 e5 13. Bg3 0-0-0 14. Rfe1 Nd4 15. Rec1 Nxf3+ 16. Kg2 0-1